Concrete industry sustainability performance report (Record no. 112989)

MARC details
000 -LEADER
fixed length control field 01154cad a22002175a 4500
001 - CONTROL NUMBER
control field L154445
008 - FIXED-LENGTH DATA ELEMENTS--GENERAL INFORMATION
fixed length control field 111205s2011 xxk g 000 0 eng d
035 ## - SYSTEM CONTROL NUMBER
System control number (Sirsi) u154445
041 0# - LANGUAGE CODE
Language code of text/sound track or separate title eng
050 ## - LIBRARY OF CONGRESS CALL NUMBER
Classification number 693.5 $2 18
110 2# - MAIN ENTRY--CORPORATE NAME
Corporate name or jurisdiction name as entry element Sustainable Concrete Forum
9 (RLIN) 5998
245 00 - TITLE STATEMENT
Title Concrete industry sustainability performance report
Remainder of title 4th report, 2010 performance data
Medium [electronic resource]
260 ## - PUBLICATION, DISTRIBUTION, ETC.
Place of publication, distribution, etc. Camberley
Name of publisher, distributor, etc. MPA
Date of publication, distribution, etc. 2011
520 ## - SUMMARY, ETC.
Summary, etc. The fourth report from the Concrete Centre presents the concrete industry's sustainability performance in 2010. The data covers the manufacture of concrete and its constituent materials. The information is collected through survey responses from companies supplying an estimated 78% of concrete used in the UK.
590 ## - LOCAL NOTE (RLIN)
Local note KA NTK
651 #4 - SUBJECT ADDED ENTRY--GEOGRAPHIC NAME
Geographic name United Kingdom
Chronological subdivision
690 ## - LOCAL SUBJECT ADDED ENTRY--TOPICAL TERM (OCLC, RLIN)
Topical term or geographic name as entry element BUILT ENVIRONMENT-SUSTAINABLE CONSTRUCTION
690 ## - LOCAL SUBJECT ADDED ENTRY--TOPICAL TERM (OCLC, RLIN)
Topical term or geographic name as entry element BUILT ENVIRONMENT-BUILDING MATERIALS-CEMENTITIOUS, CONCRETE AND MINERAL BOUND MATERIALS-CONCRETE
856 40 - ELECTRONIC LOCATION AND ACCESS
Uniform Resource Identifier <a href="https://www.sustainableconcrete.org.uk/PDF/2011%20Sustainability%20Report_FINAL.pdf">https://www.sustainableconcrete.org.uk/PDF/2011%20Sustainability%20Report_FINAL.pdf</a>
Public note View the website free of charge at www.concretecentre.com
942 ## - ADDED ENTRY ELEMENTS (KOHA)
Suppress in OPAC 0
Holdings
Withdrawn status Lost status Source of classification or shelving scheme Damaged status Not for loan Home library Current library Shelving location Date acquired Total Checkouts Full call number Barcode Date last seen Copy number Price effective from Koha item type
    Dewey Decimal Classification     Virtual Virtual Online 05/12/2011   ONLINE PUBLICATION 154445-2001 06/08/2019 1 06/08/2019 Book